000 00702nam a2200289Ia 4500
005 20260324143656.0
008 008 260324s9999 xx 000 0 eng d
020 _a9780429354519
037 _aEBOOK
040 _aCRL
040 _beng
040 _cCRL
041 _2eng
041 _aeng
084 _qCRL
100 _aBill Katz
_91198702
245 0 _aOpportunities for Reference Services
245 4 _bThe Bright Side of Reference Services in the 1990's
260 _bTaylor and Francis
260 _c1991
365 _a
365 _b170
856 _uhttp://www.taylorfrancis.com/books/9780429354519
942 _cEBOOK
999 _c1822188
_d1822188